000 01810cam0 2200385 ib4500
001 BY-MI0000-br2147954005
005 20250819105819.0
010 ^a978-5-04-159035-2
^bв переплете
035 ^a(BY-MI0000)BY-MI0000-br2147954005
100 ^a20250801d2025 d y0rusy50 ca
101 1 ^arus
^cger
102 ^aRU
105 ^aa z 000ay
109 ^ama
200 1 ^aАмулет Посейдона
^e[для среднего школьного возраста]
^fКристина Риттерсхаузен
^g[перевод с немецкого К. С. Чесноковой]
210 ^aМосква
^cЭксмо
^d2025
215 ^a283, [3] с.
^d21 см
225 1 ^aТрое друзей и волшебный камень. Приключенческое фэнтези для детей
333 ^a6+
345 ^93000 экз.
608 ^aВОЛШЕБНАЯ СКАЗКА
^3BY-NLB-ar2095922
^2BYGNR
608 ^aФАНТАСТИЧЕСКАЯ ПРОЗА
^3BY-NLB-ar35669
^2BYGNR
608 ^aДЕТСКАЯ И ЮНОШЕСКАЯ ЛИТЕРАТУРА (художеств. произведение)
^3BY-NLB-ar9019
^2BYGNR
606 ^aНЕМЕЦКАЯ ЛИТЕРАТУРА
^3BY-NLB-ar20312
^2DVNLB
606 ^aХУДОЖЕСТВЕННАЯ ЛИТЕРАТУРА
^3BY-NLB-ar37179
^2DVNLB
606 ^aЗАРУБЕЖНАЯ ЛИТЕРАТУРА
^3BY-NLB-ar10779
^2DVNLB
686 ^a84(4Гем)-4
^2rubbk
690 ^a1
^2Base
^9BY-MI0000
^xRSEK
700 1 ^aРиттерсхаузен
^bК.
701 1 ^aЧеснокова
^bК. С.
^gКсения Сергеевна
^cпереводчица
^3BY-PLRB-ar14429060
^4730
801 0 ^aBY
^bBY-MI0000
^c20250801
^gRCR
899 0 ^aBY-MI0000
^iР55
^h84(4Гем)